| 000 -LEADER |
| fixed length control field |
01185cam a2200253 i 4500 |
| 003 - CONTROL NUMBER IDENTIFIER |
| control field |
OSt |
| 005 - DATE AND TIME OF LATEST TRANSACTION |
| control field |
20240116105529.0 |
| 008 - FIXED-LENGTH DATA ELEMENTS--GENERAL INFORMATION |
| fixed length control field |
130516s2014 ctua b 001 0 eng |
| 010 ## - LIBRARY OF CONGRESS CONTROL NUMBER |
| LC control number |
2013017319 |
| 020 ## - INTERNATIONAL STANDARD BOOK NUMBER |
| International Standard Book Number |
9780300182767 (cl : alk. paper) |
| 042 ## - AUTHENTICATION CODE |
| Authentication code |
pcc |
| 050 00 - LIBRARY OF CONGRESS CALL NUMBER |
| Classification number |
NA275 |
| Item number |
.W55 2014 |
| 082 00 - DEWEY DECIMAL CLASSIFICATION NUMBER |
| Classification number |
720.938 |
| Edition number |
23 |
| Item number |
JON |
| 100 1# - MAIN ENTRY--PERSONAL NAME |
| Personal name |
Wilson Jones, Mark, |
| Dates associated with a name |
1956- |
| 245 10 - TITLE STATEMENT |
| Title |
Origins of classical architecture : |
| Remainder of title |
temples, orders and gifts to the gods in ancient Greece / |
| Statement of responsibility, etc |
Mark Wilson Jones. |
| 300 ## - PHYSICAL DESCRIPTION |
| Extent |
xvi, 304 pages : |
| Other physical details |
illustrations ; |
| Dimensions |
27 cm |
| 504 ## - BIBLIOGRAPHY, ETC. NOTE |
| Bibliography, etc |
Includes bibliographical references (pages 258-293) and index. |
| 505 0# - FORMATTED CONTENTS NOTE |
| Formatted contents note |
Purpose and setting of the Greek temple -- Formative developments -- Questions of construction and the Doric genus -- Questions of influence and the Aeolic capital -- Questions of appearance and the Ionic genus -- Questions of meaning and the Corinthian capital -- Gifts to the gods -- Triglyphs and tripods -- Crucible -- Questions answered and unanswered. |
| 650 #0 - SUBJECT ADDED ENTRY--TOPICAL TERM |
| Topical term or geographic name as entry element |
Temples |
| Geographic subdivision |
Greece. |
| 650 #0 - SUBJECT ADDED ENTRY--TOPICAL TERM |
| Topical term or geographic name as entry element |
Architecture |
| General subdivision |
Orders. |
| 650 #0 - SUBJECT ADDED ENTRY--TOPICAL TERM |
| Topical term or geographic name as entry element |
Symbolism in architecture |
| Geographic subdivision |
Greece. |
| 650 #0 - SUBJECT ADDED ENTRY--TOPICAL TERM |
| Topical term or geographic name as entry element |
Architecture and religion. |
| 942 ## - ADDED ENTRY ELEMENTS (KOHA) |
| Source of classification or shelving scheme |
|